Selections from Galpaguchchha. 3 Vols. (Record no. 1392517)

MARC details
000 -LEADER
fixed length control field 00659nam a2200217Ia 4500
005 - DATE AND TIME OF LATEST TRANSACTION
control field 20250508165005.0
008 - FIXED-LENGTH DATA ELEMENTS--GENERAL INFORMATION
fixed length control field 008 250505s9999 xx 000 0 eng d
020 ## - INTERNATIONAL STANDARD BOOK NUMBER
International Standard Book Number 978-81-250-4047
037 ## - SOURCE OF ACQUISITION
Stock number Textual
040 ## - CATALOGING SOURCE
Original cataloging agency FEDL
Language of cataloging eng
Transcribing agency FEDL
041 ## - LANGUAGE CODE
Language code of text/sound track or separate title eng
Source of code eng
084 ## - COLON CLASSIFICATION NUMBER
Classification number 891.443, TAG
Assigning agency FEDL
100 ## - MAIN ENTRY--PERSONAL NAME
Personal name Tagore Rabindranath
245 #0 - TITLE STATEMENT
Title Selections from Galpaguchchha. 3 Vols.
260 ## - PUBLICATION, DISTRIBUTION, ETC.
Place of publication, distribution, etc. Hyderabad, India
Name of publisher, distributor, etc. Orient Blackswan Private Limited
Date of publication, distribution, etc. 2010
365 ## - TRADE PRICE
Price type code INR
Price amount 695
490 ## - SERIES STATEMENT
Volume/sequential designation 1. Kabuliwalla and other stories. 287 p.
546 ## - LANGUAGE NOTE
Language note A SET OF THREE VOLUMES
942 ## - ADDED ENTRY ELEMENTS (KOHA)
Koha item type Textual
Classification part 891.443, TAG
Holdings
Withdrawn status Lost status Damaged status Not for loan Home library Current library Date acquired Cost, normal purchase price Total Checkouts Full call number Barcode Date last seen Price effective from Koha item type
        Department of Education Library Department of Education Library 2025-05-08 695.00   891.443, TAG EL0086147 2025-05-08 2025-05-08 Textual
Copyright @ Delhi University Library System